000 00422nam a22001577a 4500
008 220531b |||||||| |||| 00| 0 eng d
020 _a9788177085075
082 _a333.7 MAN 2020
100 _aMani, N.
245 _aEnvironmental Economics
260 _aNew Delhi :
_bNew Century Publications,
_c2020.
300 _axvi, 203 p.
_c25 cm.
500 _aIncludes index.
650 _aEnvironmental Economics
942 _2ddc
999 _c8977
_d8978